000 02351cam a22002294a 4500
005 20250605163950.0
008 250528s ||||||||||||||||||||||||d
035 _a15333
020 _a314025294
040 _aGR-AtMCL
_bgre
_dGR-AtMCL
_eAACR2
245 1 _aHuman Resource Management / Seventh Edition
250 _a7th
260 _bWest Publishing Corporation,
_c1994
300 _a664
505 0 _aPreface, Perspectives on Human Resource Management, Nature of Human Resource Management, Human Resource Management: Diversity and Global Issues, Strategic Human Resource Planning, Human Resource Issues in Productivity and Quality, Equal Employment Opportunity, Equal Employment, Impementing Equal Employment, Analyzing and Staffing Jobs, Job Analysis, Recruiting Human Resources, Selecting Human Resources, Training and Developing Human Resources, Orientation and Training, Human Resource Development and Careers, Appraisal of Human Resources, Compensating Human Resources, Compensation Administration, Incentives and Executive Compensation, Employee Benefits, Employee and Labor Relations, Health and Safety, Employee Rights and Discipline, Union-Management Relations, Collective Bargaining and Grievance Management, Human Resource Assessment Systems, Appendices, Glossary, Name and Subject Index.
520 _aPreface, Perspectives on Human Resource Management, Nature of Human Resource Management, Human Resource Management: Diversity and Global Issues, Strategic Human Resource Planning, Human Resource Issues in Productivity and Quality, Equal Employment Opportunity, Equal Employment, Impementing Equal Employment, Analyzing and Staffing Jobs, Job Analysis, Recruiting Human Resources, Selecting Human Resources, Training and Developing Human Resources, Orientation and Training, Human Resource Development and Careers, Appraisal of Human Resources, Compensating Human Resources, Compensation Administration, Incentives and Executive Compensation, Employee Benefits, Employee and Labor Relations, Health and Safety, Employee Rights and Discipline, Union-Management Relations, Collective Bargaining and Grievance Management, Human Resource Assessment Systems, Appendices, Glossary, Name and Subject Index.
700 1 _aJackson H. John
_91233
700 1 _aMathis L. Robert
_91234
942 _cBK
999 _c923
_d923